Canciones de agua, fuego, viento y tierra: pautas arguedianas sobre la interpretación de las canciones tradicionales indígenas
Αποθηκεύτηκε σε:
| Κύριος συγγραφέας: | |
|---|---|
| Μορφή: | Βιβλίο |
| Γλώσσα: | Ισπανικά Αγγλικά |
| Έκδοση: |
Lima
DMG
2007
|
| Έκδοση: | 1a. ed |
| Θέματα: | |
| Ετικέτες: |
Προσθήκη ετικέτας
Δεν υπάρχουν, Καταχωρήστε ετικέτα πρώτοι!
|
MARC
| LEADER | 00000nam a2200000 a 4500 | ||
|---|---|---|---|
| 001 | UCI7156 | ||
| 003 | CL-VaPUC | ||
| 008 | 080613e20070000PE |||||||||||||||||spa|d | ||
| 041 | 0 | 7 | |a spa |2 CL-VaPUC |
| 041 | 0 | 7 | |a eng |2 CL-VaPUC |
| 082 | 0 | 4 | |a 781.62985 |b SAL |2 21 |
| 100 | 0 | |a Salas López, María Rosa |e author |9 530279 | |
| 245 | 1 | 0 | |a Canciones de agua, fuego, viento y tierra: pautas arguedianas sobre la interpretación de las canciones tradicionales indígenas |
| 246 | 1 | 0 | |a Songs of water, fire, wind and earth: guidelines given by Arguedas on how to sing traditional Andean music |
| 250 | |a 1a. ed | ||
| 300 | |a 77 p | ||
| 942 | |c BK | ||
| 945 | |d 20080613 00:00:00 |a rbrito | ||
| 260 | |a Lima |b DMG |c 2007 | ||
| 500 | |a Incluye CD | ||
| 650 | 7 | |a MUSICA FOLKLORICA PERUANA |2 CL-VaPUC |9 450046 | |
| 650 | 0 | |a Folklore peruano |9 352072 | |
| 650 | 0 | |a Poesías peruanas |9 267668 | |
| 651 | 0 | |a Perú |9 256567 | |
| 583 | |a last modification |c 20080613 00:00:00 |k Rodrigo Vera | ||
| 999 | |c 330514 |d 330512 | ||
| 952 | |0 0 |1 0 |4 0 |6 781_629850000000000_SAL_2007 |7 0 |8 X |9 416085 |a FDOMLP |b FDOMLP |d 2019-11-22 |i 4448022 |o 781.62985 SAL 2007 |p 4448022 |r 2019-11-22 |w 2019-11-22 |y BK_X |k BU2 | ||